One Piece- Les personnages ayant réussi à vaincre Kaido - Statistiques

Statistiques générales
  • Ce quiz a été pris 324 fois
  • Le résultat moyen est 6 sur 8
Statistiques - réponses
Personnes ayant vaincu Kaido % Correct
Luffy
100%
Roger
92%
Barbe-Blanche
87%
Big Mom
84%
Oden
80%
Xebec
76%
Garp
66%
Sengoku
48%
Aucun quiz correspondant
Distribution des résultats
% des personnes avec chaque résultat
Percentile par nombre de réponses
Votre historique - résultats
Vous n’avez pas pris ce quiz